[Event "Nantes op 11th"]
[Site "Nantes"]
[Date "2012.12.27"]
[Round "1"]
[White "Duboue, Peio"]
[Black "Guilbert, Francois Xavier"]
[Result "1-0"]
[WhiteElo "2286"]
[BlackElo "1753"]
[PlyCount "47"]
[EventDate "2012.12.27"]
[EventType "swiss"]
[EventRounds "7"]
[EventCountry "FRA"]
[SourceTitle "EXT 2014"]
[Source "ChessBase"]
[SourceDate "2013.11.20"]
[SourceVersion "1"]
[SourceVersionDate "2013.11.20"]
[SourceQuality "1"]

1. e4 c5 2. Nf3 d6 3. d4 cxd4 4. Nxd4 a6 5. Nc3 Nf6 6. f3 e6 7. Be3 Bd7 8. Qd2 Be7 9. 0-0-0 Nc6 10. g4 Qa5 11. g5 Nxd4 12. gxf6 Nxf3 13. fxg7 Rg8 14. Qf2 Ne5 15. Rg1 Ng6 16. Be2 Bh4 17. Qf1 Rc8 18. Rxd6 Rxc3 19. Rxd7 Rxc2+ 20. Kxc2 Kxd7 21. Qxf7+ Ne7 22. Rd1+ Kc8 23. Kb1 Qe5 24. Rc1+ 1-0

[Event "Nantes op 6th"]
[Site "Nantes"]
[Date "2007.12.28"]
[Round "5"]
[White "Le Goff, Ronan"]
[Black "Guilbert, Francois Xavier"]
[Result "1-0"]
[WhiteElo "1839"]
[BlackElo "1680"]
[PlyCount "41"]
[EventDate "2007.12.26"]
[EventType "swiss"]
[EventRounds "7"]
[EventCountry "FRA"]
[SourceTitle "CBM 122 Extra"]
[Source "ChessBase"]
[SourceDate "2008.03.04"]
[SourceVersion "1"]
[SourceVersionDate "2008.03.04"]
[SourceQuality "1"]

1. d4 d5 2. c4 c6 3. Nc3 Nf6 4. Nf3 Bf5 5. Bg5 h6 6. Bh4 Nbd7 7. cxd5 cxd5 8. Qb3 Nb6 9. e3 a6 10. Be2 Bd7 11. Ne5 g5 12. Bg3 e6 13. Nd3 Ne4 14. Nxe4 Ba4 15. Nf6+ Ke7 16. Qc3 Rc8 17. Nc5 Bg7 18. Nh5 Rg8 19. Qb4 Bf8 20. Ne4+ Kd7 21. Nef6+ 1-0